000 00728nam a2200289Ia 4500
005 20260324130444.0
008 008 260324s9999 xx 000 0 eng d
020 _a9780429247071
037 _aEBOOK
040 _aCRL
040 _beng
040 _cCRL
041 _2eng
041 _aeng
084 _qCRL
100 _aDavid E. Hatch; Randy Dickson
_91181841
245 0 _aOfficer-Involved Shootings and Use of Force
245 0 _bPractical Investigative Techniques, Second Edition
260 _bTaylor and Francis
260 _c2007
365 _a
365 _b300
856 _uhttp://www.taylorfrancis.com/books/9780429247071
942 _cEBOOK
999 _c1778027
_d1778027